00420nam a2200109Ia 4500008004100000100002100041245010900062260004600171300001100217650001300228856006900241160712s9999 xx 000 0 und d aBarrios, John E. cJohn E. BarriosaPagtatanghal ng Tulang Akeanon: Papel ng Vernakular sa Pag-akda ng Pambansang Panitikan c2015bDaluyan: Journal ng Wikang Filipino a no. 2 xFILIPINO uhttp://journals.upd.edu.ph/index.php/djwf/issue/view/473/showToc